| 000 | 00954nam a22002417a 4500 | ||
|---|---|---|---|
| 001 | 76420 | ||
| 003 | BD-RjUL | ||
| 005 | 20211209082836.0 | ||
| 008 | 191203s2019 bg a|||| b||| 00| 0 ben d | ||
| 020 | _a9789842102110 | ||
| 035 | _a(BD-RjUL)76641 | ||
| 040 |
_aBD-RjUL _beng _cBD-RjUL |
||
| 041 | _aeng | ||
| 082 |
_223 _a305.42 _bBHP 2019 |
||
| 100 |
_aভূঁইয়া, আনোয়ারুল্লাহ্ _9235944 |
||
| 245 |
_aপ্রতিবেশ-নারীবাদ : _b তত্ত্ব ও অভিজ্ঞতা / _cআনোয়ারুল্লাহ্ ভূঁইয়া |
||
| 260 |
_aঢাকা : _bগ্রন্থ কুটির, _c২০১৯ |
||
| 300 |
_a২৪০ পৃ. : _bচিত্র ; _c২২ সেমি. |
||
| 504 | _aবিবলিওগ্রাফি অন্তর্ভূক্ত। | ||
| 650 |
_aFeminism. _9235945 |
||
| 650 |
_aWomen's rights. _9235946 |
||
| 942 |
_2ddc _cBK |
||
| 999 |
_c76420 _d76420 |
||